Essentials of strategic management. / (Record no. 8442)
[ view plain ]
| 000 -LEADER | |
|---|---|
| fixed length control field | 01454nam a22002417a 4500 |
| 003 - CONTROL NUMBER IDENTIFIER | |
| control field | OSt |
| 005 - DATE AND TIME OF LATEST TRANSACTION | |
| control field | 20220119130150.0 |
| 008 - FIXED-LENGTH DATA ELEMENTS--GENERAL INFORMATION | |
| fixed length control field | 120126t xxu||||| |||| 00| 0 eng d |
| 020 ## - INTERNATIONAL STANDARD BOOK NUMBER | |
| International Standard Book Number | 9780618605361 |
| 020 ## - INTERNATIONAL STANDARD BOOK NUMBER | |
| International Standard Book Number | 0618605363 |
| 040 ## - CATALOGING SOURCE | |
| Transcribing agency | LC |
| 050 ## - LIBRARY OF CONGRESS CALL NUMBER | |
| Classification number | HD30.28.H64 |
| 100 ## - MAIN ENTRY--PERSONAL NAME | |
| Fuller form of name | Hill, Charles W. L. |
| 245 ## - TITLE STATEMENT | |
| Title | Essentials of strategic management. / |
| Statement of responsibility, etc. | Charles W.L. Hill, Gareth R. Jones |
| 260 ## - PUBLICATION, DISTRIBUTION, ETC. | |
| Place of publication, distribution, etc. | New York: |
| Name of publisher, distributor, etc. | Houghton Mifflin, |
| Date of publication, distribution, etc. | 2008. |
| 300 ## - PHYSICAL DESCRIPTION | |
| Extent | xvi, 244 p. + [various pagings]: |
| Other physical details | ill.; |
| 505 ## - FORMATTED CONTENTS NOTE | |
| Formatted contents note | Contents:1. Introduction to strategic management: The Strategy-making process -- Stakeholders, the Mission, Governance and business ethics -- 2. The Nature of competitive advantage: External analysis: the identification of opportunities and threats -- Building competitive advantage -- 3. Building and sustaining long-run competitive advantage: Business-level strategy and competitive positioning -- Strategy in the global environment -- Corporate-level strategy and long-run profitability -- 4. Strategy implementation: Strategic change: implementing strategies to build and develop a company -- Implementing strategy through organizational design -- 5. Cases in strategic management -- |
| 650 ## - SUBJECT ADDED ENTRY--TOPICAL TERM | |
| Topical term or geographic name entry element | Strategic planning |
| General subdivision | United States. |
| -- | Case studies. |
| 650 ## - SUBJECT ADDED ENTRY--TOPICAL TERM | |
| Topical term or geographic name entry element | Business planning |
| General subdivision | United States. |
| -- | Case studies. |
| 650 ## - SUBJECT ADDED ENTRY--TOPICAL TERM | |
| Topical term or geographic name entry element | Management |
| General subdivision | United States |
| -- | Case studies. |
| 700 ## - ADDED ENTRY--PERSONAL NAME | |
| Fuller form of name | Jones, Gareth R. |
| 942 ## - ADDED ENTRY ELEMENTS (KOHA) | |
| Source of classification or shelving scheme | Library of Congress Classification |
| Koha item type | Books |
| Withdrawn status | Lost status | Source of classification or shelving scheme | Damaged status | Not for loan | Home library | Current library | Shelving location | Date acquired | Source of acquisition | Full call number | Barcode | Date last seen | Copy number | Price effective from | Koha item type |
|---|---|---|---|---|---|---|---|---|---|---|---|---|---|---|---|
| Library of Congress Classification | WISCONSIN INTERNATIONAL UNIVERSITY COLLEGE, GHANA KUMASI LIBRARY | WISCONSIN INTERNATIONAL UNIVERSITY COLLEGE, GHANA KUMASI LIBRARY | General Stacks | 23/10/2019 | WIUC | HD30.28.H64 | K/324/324/19 | 19/01/2022 | 1 | 19/01/2022 | Books | ||||
| Library of Congress Classification | WISCONSIN INTERNATIONAL UNIVERSITY COLLEGE, GHANA KUMASI LIBRARY | WISCONSIN INTERNATIONAL UNIVERSITY COLLEGE, GHANA KUMASI LIBRARY | General Stacks | 23/10/2019 | WIUC | HD30.28.H641 | K/325/325/19 | 19/01/2022 | 2 | 19/01/2022 | Books |
